000 00677nam a2200205 a 4500
003 MX-MxUPN
005 20240416064215.0
008 991125s1930 mx a r 000 0 spa u
035 _aUPN01000040036
040 _aMX-MxUPN
_bspa
_cMX-MxUPN
041 0 _aspa
050 1 4 _aF1291
_bM34
100 1 _aManzano, Teodomiro
_929119
245 1 0 _aMonografías del estado de Hidalgo :
_bPachuca 1
260 _aPachuca :
_bTalleres Linotipográficos del Estado de Hidalgo,
_c1930.
300 _a22, 6 páginas :
_bilustraciones
651 4 _aHidalgo
_xDescripción y viajes
_923783
710 2 _aMuseo Pedagógico Nacional (México)
_951335
_epropietario anterior
942 _2lcc
_cLIBRO
999 _c40036
_d40036